El Interés comercial privado imperó sobre el interés científico nacional /
Đã lưu trong:
| Tác giả chính: | |
|---|---|
| Định dạng: | Texto |
| Những chủ đề: | |
| Các nhãn: |
Thêm thẻ
Không có thẻ, Là người đầu tiên thẻ bản ghi này!
|
MARC
| LEADER | 00000 a a2200000 04500 | ||
|---|---|---|---|
| 001 | 578 | ||
| 003 | |||
| 040 | |||
| 100 | |a Rodríguez, Carlos Manuel | ||
| 245 | |a El Interés comercial privado imperó sobre el interés científico nacional / |c Carlos Manuel Rodríguez | ||
| 650 | |a MEDIO AMBIENTE | ||
| 650 | |a RECURSOS NATURALES | ||
| 650 | |a RECURSOS AGRICOLAS | ||
| 650 | |a UTILIZACION DE LOS RECURSOS | ||
| 650 | |a FRUTAS CITRICAS | ||
| 650 | |a NARANJAS | ||
| 773 | |g número 72; páginas 1-4 | ||
| 999 | |c 27923 |d 27923 | ||
